The Perfect names Of ALLAH / (رقم التسجيلة. 118956)

تفاصيل مارك
000 -LEADER
fixed length control field 00448nam a22001697a 4500
005 - DATE AND TIME OF LATEST TRANSACTION
control field 20251108174824.0
008 - FIXED-LENGTH DATA ELEMENTS--GENERAL INFORMATION
fixed length control field 250721s2009 xx 000 0 eng d
082 14 - DEWEY DECIMAL CLASSIFICATION NUMBER
Classification number 214.2/ASH
100 1# - MAIN ENTRY--PERSONAL NAME
Personal name Al-Ashqar, Umar s.
245 14 - TITLE STATEMENT
Title The Perfect names Of ALLAH /
246 11 - VARYING FORM OF TITLE
Title proper/short title أسماء الله الحسنى
264 1# - PRODUCTION, PUBLICATION, DISTRIBUTION, MANUFACTURE, AND COPYRIGHT NOTICE
Place of production, publication, distribution, manufacture Amman :
Name of producer, publisher, distributor, manufacturer Dar Al-Nafaes,
Date of production, publication, distribution, manufacture, or copyright notice 2009.
300 ## - PHYSICAL DESCRIPTION
Extent 413P.
650 17 - SUBJECT ADDED ENTRY--TOPICAL TERM
Topical term or geographic name as entry element MOST BEAUTIFUL NAMES
942 ## - ADDED ENTRY ELEMENTS (KOHA)
Source of classification or shelving scheme Dewey Decimal Classification
Koha item type كتب
المقتنيات
حالة السحب حالة الفقدان مصدر التصنيف حالة التلف غير قابل للإعارة المكتبة الرئيسية المكتبة الحالية موقع الرف تاريخ التزويد الرقم المتسلسل Total Checkouts رقم الإستدعاء الباركود تاريخ آخر ظهور تاريخ الفاتورة نوع المادة (كوها)
    Dewey Decimal Classification     المكتبة المركزية المكتبة المركزية الإعارة 28/07/2025 1333656   214.2/ASH PLD00121655 28/07/2025 28/07/2025 كتب
    Dewey Decimal Classification     المكتبة المركزية المكتبة المركزية مقتنيات قسم التزويد 28/07/2025 1333658   214.2/ASH   28/07/2025 28/07/2025 كتب
    Dewey Decimal Classification     المكتبة المركزية المكتبة المركزية مقتنيات قسم التزويد 28/07/2025 1499841   214.2/ASH   28/07/2025 28/07/2025 كتب
    Dewey Decimal Classification     مكتبة أبو علندا العامة مكتبة أبو علندا العامة الإعارة 24/11/2009 1333661   214.2/ASH PLD00121835 28/07/2025 24/11/2009 كتب
    Dewey Decimal Classification     مكتبة الأميرة ايمان العامة مكتبة الأميرة ايمان العامة الإعارة 24/11/2009 1333662   214.2/ASH PLD00121836 28/07/2025 24/11/2009 كتب
    Dewey Decimal Classification     مكتبة عدن للأطفال مكتبة عدن للأطفال الإعارة 17/02/2025 1793607   214.2/ASH PLD00515932 28/07/2025 17/02/2025 كتب
    Dewey Decimal Classification     مكتبة ومركز فرح مكتبة ومركز فرح الإعارة 24/11/2009 1333665   214.2/ASH PLD00121839 28/07/2025 24/11/2009 كتب
Implemented & Customized by: BBB with SCIT (Smart Chains for Information Technology)

Powered by Koha